DEVIANCE (Record no. 216540)
[ view plain ]
| 000 -LEADER | |
|---|---|
| fixed length control field | 00432nam a22001577a 4500 |
| 008 - FIXED-LENGTH DATA ELEMENTS--GENERAL INFORMATION | |
| fixed length control field | 260204b |||||||| |||| 00| 0 eng d |
| 020 ## - INTERNATIONAL STANDARD BOOK NUMBER | |
| International Standard Book Number | 978-0-571-31112-5 |
| 100 ## - MAIN ENTRY--PERSONAL NAME | |
| Personal name | TAYLOR, STEPHEN |
| 245 ## - TITLE STATEMENT | |
| Title | DEVIANCE |
| Remainder of title | THE LIFE CHOICES OF LADY ANNE BARNARD |
| 260 ## - PUBLICATION, DISTRIBUTION, ETC. | |
| Place of publication, distribution, etc. | LONDON |
| Name of publisher, distributor, etc. | FABER AND FABER |
| Date of publication, distribution, etc. | 2017 |
| 300 ## - PHYSICAL DESCRIPTION | |
| Extent | X,396P. |
| 500 ## - GENERAL NOTE | |
| General note | INCLUDES INDEX |
| 650 ## - SUBJECT ADDED ENTRY | |
| Topical term or geographic name entry element | BARNARD, ANNE LINDSAY |
| 942 ## - ADDED ENTRY ELEMENTS (KOHA) | |
| Source of classification or shelving scheme | Library of Congress Classification |
| Koha item type | Long Loan Book |
| Withdrawn status | Lost status | Source of classification or shelving scheme | Damaged status | Not for loan | Collection | Home library | Current library | Shelving location | Date acquired | Inventory number | Total checkouts | Full call number | Barcode | Date last seen | Copy number | Price effective from | Koha item type |
|---|---|---|---|---|---|---|---|---|---|---|---|---|---|---|---|---|---|
| Library of Congress Classification | Arts & Social Sciences | Kisii University Library | Kisii University Library | On Display | 02/04/2026 | 111172 | DA 512 .B35T39 2017 | 50659 | 02/04/2026 | 1 | 02/04/2026 | Long Loan Book | |||||
| Library of Congress Classification | Arts & Social Sciences | Kisii University Library | Kisii University Library | On Display | 02/04/2026 | 111173 | DA 512 .B35T39 2017 | 50666 | 02/04/2026 | 2 | 02/04/2026 | Long Loan Book | |||||
| Library of Congress Classification | Arts & Social Sciences | Kisii University Library | Kisii University Library | On Display | 02/04/2026 | 111174 | DA 512 .B35T39 2017 | 50672 | 02/04/2026 | 3 | 02/04/2026 | Long Loan Book | |||||
| Library of Congress Classification | Arts & Social Sciences | Kisii University Library | Kisii University Library | On Display | 02/04/2026 | 111175 | DA 512 .B35T39 2017 | 50674 | 02/04/2026 | 4 | 02/04/2026 | Long Loan Book | |||||
| Library of Congress Classification | Arts & Social Sciences | Kisii University Library | Kisii University Library | On Display | 02/04/2026 | 111176 | DA 512 .B35T39 2017 | 50667 | 02/04/2026 | 5 | 02/04/2026 | Long Loan Book |